| 000 | 00618nam a2200181 i 4500 | ||
|---|---|---|---|
| 001 | 14629 | ||
| 003 | ES-MaACL | ||
| 007 | t| | ||
| 008 | 990518s1937 mx ||||1| spa d | ||
| 080 | _a615.015.32 | ||
| 100 | 1 |
_aTétau, Joseph. _9109842 |
|
| 245 | 1 | 4 |
_aLos policrestos homeopáticos en sus relaciones con los trastornos neuro-endocrino-simpáticos / _cpor Joseph Tetau ; traductor Oscar F. González Lutz. |
| 260 |
_aMéxico : _bFederico Anaya Reyes, _c1937. |
||
| 300 |
_a146 p. ; _c18 cm. |
||
| 650 | 1 | 4 |
_aHomeopatía. _913463 |
| 700 | 1 |
_aGonzález Lutz, Oscar F. _958774 |
|
| 852 |
_aES-MaACL _jG-2090 _bR.110974 |
||
| 999 |
_c14629 _d14629 |
||